00392pab a2200133 454500008004000000100002300040245009200063260000900155300001300164362000800177650003800185650001100223773002400234180718b2002 xxu||||| |||| 00| 0 eng d aSharma, Shiv Dayal aNature and extent of indebtedness among the tribals and non-tribals in Himachal Pradesh c2002 ap.145-49 aSep aTribes - India - Himachal Pradesh aTribes aMan and Development